000 00549nam a2200193Ia 4500
005 20250508153904.0
008 008 250505s9999 xx 000 0 eng d
037 _aBooks to be hide in OPAC
040 _aFEDL
_beng
_cFEDL
041 _aeng
_2eng
084 _a370.7072, IND/O
_qFEDL
100 _aMenon T K N
245 0 _aExperiments in teacher training
245 0 _cIndia, Government of. Education (Ministry of.......)
260 _c1954
300 _a73p.
942 _cHB
_h370.7072, IND/O
999 _c1346159
_d1346159